MDQL
is popping MORE tags! Check the
thread
!
Quizzes
Events
Quiz Creation
Community
Videos
Private Events
Remove Ads
Sign In
Join for FREE
Feedback
Dark Mode
Quiz Categories
Sports
Geography
Music
Movies
Television
Just For Fun
Miscellaneous
History
Literature
Language
Science
Gaming
Entertainment
Religion
Holiday
For Kids
Quiz Lab
Recent
Popular Today
Quiz Kudos Today
Editor Picks
Curator Picks
Quizzes by...
Day
Popularity
Type
Ratings
Length
Year
Community
Subscriptions
Recent Discussions
Orange Saloon
Badges
Playlists
Quests
Create
Leaderboards
Showdown
Live 5
Trivia Bingo
Activity
Puzzle Library
Sporcle Events
Private Events
Virtual Trivia
Globe League
Become a Host
Pub Owners
SporcleCon
Opinionation
Our Games
Videos
Blog
Mobile Apps
Partnerships
Remove Ads and Go Orange
Feedback
Music
Pop Music
The Beatles
Song
Album
Lyrics
Bands
Singers
Artist
Clip
Rock
Rap
Classical
Billboard
Country Music
Kpop
Taylor Swift
Music
Pop Music
The Beatles
Song
Album
Lyrics
Bands
Singers
Artist
Clip
Rock
Rap
Classical
Billboard
Country Music
Kpop
Taylor Swift
Random Quiz
Search Sporcle
×
Quiz Lab
Quiz Lab
Music
Lyrics
Type in answers that appear in a list
Type in answers that appear in a list
Classic
Best Score? Go Orange.
Lyrics: 'Lodi' - CCR Stats
Can you name the lyrics to 'Lodi' by Creedence Clearwater Revival?
By
LAMS_Lyrics
9m
171 Questions
543 Plays
543 Plays
543 Plays
Comments
Comments
Give Quiz Kudos
Give Quiz Kudos
-
- Ratings
hide this ad
Replay
Link that replays current quiz
Next Quiz
Link to next quiz in quiz playlist
You Got
0%
They Got
Avg Score
86%
Avg Friend Score
Upgrade to see
Score Distribution
Jump to the score distribution portion of the page
Score
0/171
Timer
09:00
0
Plays Today
% Correct
I
99.3%
I
99.3%
I
99.3%
I
99.3%
I
99.3%
I
99.3%
I
99.3%
I
99.3%
I've
99.3%
I
99.3%
a
99.1%
a
99.1%
a
99.1%
a
99.1%
Oh
98.9%
Oh
98.9%
Oh
98.9%
Oh
98.9%
Oh
98.9%
Lodi
98.2%
Lodi
98.2%
Lodi
98.2%
Lodi
98.2%
Lodi
98.2%
in
97.8%
in
97.8%
in
97.8%
in
97.8%
in
97.8%
in
97.8%
I'm
97.2%
the
96.7%
the
96.7%
the
96.7%
The
96.7%
the
96.7%
the
96.7%
on
95.9%
on
95.9%
on
95.9%
stuck
95.2%
stuck
95.2%
stuck
95.2%
stuck
95.2%
stuck
95.2%
Lord,
94.5%
Lord,
94.5%
Lord,
94.5%
Lord,
94.5%
Lord,
94.5%
for
93.7%
for
93.7%
and
93.4%
and
93.4%
go.
93.4%
and
93.4%
my
92.8%
% Correct
my
92.8%
my
92.8%
to
92.8%
my
92.8%
to
92.8%
to
92.8%
of
91.2%
again.
91.2%
of
91.2%
again.
91.2%
of
91.2%
again.
91.2%
again.
91.2%
again.
91.2%
be
90.2%
be
90.2%
out
90.1%
out
90.1%
out
90.1%
out
90.1%
Just
89.9%
just
89.9%
if
89.7%
If
89.7%
you
89%
You
89%
will
88.8%
I'd
88.4%
time
87.8%
time
87.8%
know
87.5%
know
87.5%
was
86.6%
was
86.6%
about
86.2%
road.
86.2%
had
86.2%
had
86.2%
year
85.6%
ago,
85.6%
where
85.6%
every
85.5%
every
85.5%
song
84.7%
Looking
84.2%
dollar,
84.2%
there
82.7%
play.
82.3%
play
82.3%
got
82.1%
got
82.1%
I'll
82.1%
set
81.2%
fame
81.2%
fortune,
81.2%
way.
81.2%
back
81.2%
% Correct
from
80.3%
sung,
80.3%
gold.
80.1%
train
80.1%
guess
79.6%
money.
79.6%
Seeking
79.4%
only
79.4%
tune.
79.2%
Ran
79%
ran
79%
pot
78.6%
man
78.6%
like
77.9%
like
77.9%
said
77.5%
Things
77.3%
things
77.3%
Greyhound,
77.2%
through,
77.2%
through.
77.2%
people
77%
I've
76.6%
bad,
76.2%
or
76.1%
one
76.1%
songs
75.7%
worse.
75.5%
next
75.3%
sat
74.4%
Looks
74.2%
Looks
74.2%
months
74%
drunk.
74%
seven
73.8%
they
73.7%
came
73.7%
live.
73.7%
friend,
73.5%
while
73.5%
catch
73.5%
night
73.1%
magazine
72.9%
more.
72%
Must
71.6%
stand,
71.6%
passing
71.5%
lost
71.5%
walking
71.3%
fell
71.3%
Rode
69.8%
plans
69.8%
took
69.1%
into
68.9%
town,
68.3%
connections,
66.1%
Somewhere
61.7%
Quiz Playlist
Details
Report
Send in Message
Add To Playlist
Classic:
Type in answers that appear in a list
Quiz Source
Last Updated: Feb 16, 2017
Quiz Scoreboard
CHALLENGE
Sign Up to Join the Scoreboard
Show All
Scores
Hide
Comments
May contain spoilers
Recently Published
Street Fighter Characters
by Artimus82
Gaming
60s
9x9 Crossword: Cartoon Network
by jackfrog10
Miscellaneous
3m
College Basketball Coaching Resumes
by pancakes188
Sports
9m
More to Explore
Quiz From the Vault
Featured Blog Post
Where Did the Easter Bunny Come From?
hide this ad
You Might Also Like...
Tags
Lyrics Quiz
Rock Quiz
Song Quiz
1960s
ccr
Creedence Clearwater Revival
Today's Top Quizzes in Music
Browse Music
hide this ad
Today's Top Quizzes in Lyrics
Browse Lyrics
Top Contributed Quizzes in Music
1
Taylor Swift All Songs (2024)
2
Taylor Swift Logic Puzzle
3
Guess the Artist- 70s Songs
4
7-to-1: Billboard Hot 100 #1 Hits of 2010s
5
Sorting Albums and Songs
6
KPOP LOGIC QUIZ
7
Guess the Taylor Swift song (Mystery Song)
8
Guess The Taylor Swift Lyrics Song #1
9
Billboard Blitz: ABBA
10
Billboard Blitz: The Beatles
Explore More
Trending Topics
Marvel
Crossword
Harry Potter
Disney
NBA
Kpop
Anime
Country
Song
NFL
Pokémon
WWE
Soccer
The Office
Puzzle
hide this ad
More By:
LAMS_Lyrics
Quiz
Plays
Rating
Category
Featured
Created
Lyrics: 'Down on the Corner' - CCR
883
5.00
Music
Aug 4, 2013
Sara Bareilles 'Love Song' Lyrics
14,293
4.37
Music
Jun 10, 2015
Lyrics: 'Cecilia' - Simon & Garfunkel
6,018
4.68
Music
Feb 25, 2014
Lyrics: 'Grand Theft Autumn/Where Is...' - Fall Out Boy
5,143
4.71
Music
Oct 9, 2013
Lyrics: 'Faith' - George Michael
4,979
4.72
Music
Mar 4, 2014
Lyrics: 'Amarillo by Morning' - George Strait
2,888
4.73
Music
Nov 12, 2014
Go to Creator's Profile
Score Distribution
Quiz Creator Spotlight
LAMS_Lyrics
Follow
Send a Message
Quizzes Created
-
Created Quiz Play Count
-
More By This Creator
Popular Quizzes Today
1
Find the US States - No Outlines Minefield
2
Find the Countries of Europe - No Outlines Minefield
3
The Countries of the World
4
Find the US States
5
Risky Map Clicking: Biggest States A-Z
6
US States
7
Popular People in 1961
8
Movies - When Are They Set?
More Music Quizzes
Fairytale of New York Lyrics
Curator's Pick
Trending Quizzes
Risky Map Clicking: Least Populous States A-Z
Billboard Blitz: Aretha Franklin
Famous Russians: Author or Composer?
1-10 Letter G Words
Countries of the World: 200 Million BC
Recently Updated
Leaping Animals
pecheneg
Reality TV Shows (A-Z)
bhenderson79
Rickey Henderson's Hall of Fame Teammates
pecheneg
Champions League XIs: Arsenal
pecheneg
Quick Pick: Celebrities in WWE's Hall of Fame
aduchscher
A-Z Keypad Blitz II
pecheneg
Multiple Oscar Actors
pecheneg
Mystery Phrase Blitz: Oscar 'Best Actors'
pecheneg
F. Scott Fitzgerald Novels
LTH
Pick 3 Villains
ddd62291
Trending Topics
Harry Potter
Disney
Crossword
Anime
Kpop
NBA
Marvel
Soccer
Country
Song
Puzzle
NFL
The Office
Pokémon
WWE
Your Account Isn't Verified!
In order to create a playlist on Sporcle, you need to verify the email address you used during registration. Go to your
Sporcle Settings
to finish the process.
Report this User
Report this user for behavior that violates our
Community Guidelines
.
Details:
Send Report
Go to the Sporcle.com Mobile Site →
Comments